| 000 | 01791nam a2200229 i 4500 | ||
|---|---|---|---|
| 001 | 116595 | ||
| 005 | 20230410142411.0 | ||
| 008 | 140804s2014 mau reib 001 0 eng d | ||
| 020 | _a9781118723890 (pbk.) | ||
| 245 | 0 | 4 |
_aThe Encyclopedia of the Novel / _cedited by Peter Melville Logan; Associate Editors: Olakunle George, Susan Hegeman, and Efraín Kristal |
| 250 | _a1ª ed. | ||
| 260 |
_aMalden, MA : _bWiley-Blackwell, _c2014 |
||
| 300 | _axx, 773 p. | ||
| 500 | _aIncludes biographical references and index. | ||
| 520 | _aThis advanced reference resource for the novel and novel theory offers authoritative accounts of the history, terminology, and genre of the novel. Comprising over 140 articles ranging from 500 to 7,000 words, the Encyclopedia explores topics including the history and tradition of the novel in differnet areas of the world; formal elements of the novel (story, plot, character, narrator); technical aspects of the genre (such as realism, narrative structure and style); subgenres, including the bildungsroman and the graphic novel; theoretical problems, such as definitios of the novel; history of the book; and the novel's relationship to other artes and disciplines. The Encyclopedia is arranged in A-Z format and features entries from an international cast of scholars, overseen by an advisory board of 37 leading specialists in the field, making this the most authoritaive reference resource available on the novel. Now available in an easy-to-use, fully indexed single volume paperback, it will be a vital addition to the libraries of literature students and scholars everywhere. | ||
| 700 | 1 | _aMelville Logan, Peter | |
| 700 | 1 | _aGeorge, Olakunle | |
| 700 | 1 | _aHegeman, Susan | |
| 700 | 1 | _aKristal, Efraín | |
| 942 |
_2lcc _cbk |
||
| 946 | _aJaaM | ||
| 999 |
_c95023 _d95023 |
||